| 000 | 00769nab a2200241 u 4500 | ||
|---|---|---|---|
| 001 | 21348 | ||
| 003 | HDC | ||
| 007 | cr bn ---aaaaa | ||
| 008 | 210308c |r|noo 0 a d | ||
| 040 | _aHDC | ||
| 245 | 0 | _aRISDA, IKIAM NAK KELUAR LOGO HALAL BARU | |
| 260 |
_a[No place] : _b[publisher not identified], _c2016 |
||
| 336 |
_atext _2rdacontent |
||
| 337 |
_acomputer _2rdamedia |
||
| 338 |
_aonline resource _2rdacarrier |
||
| 650 |
_aHalal certificate _9482 |
||
| 650 |
_aHalal logo _91692 |
||
| 710 | _aDETIKDAILY | ||
| 856 | _zRequest full-text at [email protected] | ||
| 942 | _2lcc | ||
| 942 | _cNEWS | ||
| 942 | _kNWSO 010176 | ||
| 999 |
_c18664 _d18664 |
||